I wonder why skunks are so smelly, and other neat facts about mammals / (Record no. 8391)
[ view plain ]
| 000 -LEADER | |
|---|---|
| fixed length control field | 00929nam a22002777a 4500 |
| 001 - CONTROL NUMBER | |
| control field | 8391 |
| 003 - CONTROL NUMBER IDENTIFIER | |
| control field | FISKH |
| 005 - DATE AND TIME OF LATEST TRANSACTION | |
| control field | 20250910140126.0 |
| 008 - FIXED-LENGTH DATA ELEMENTS--GENERAL INFORMATION | |
| fixed length control field | 250910b cb ||||| |||| 00| 0 eng d |
| 020 ## - INTERNATIONAL STANDARD BOOK NUMBER | |
| International Standard Book Number | 033500113239 |
| 040 ## - CATALOGING SOURCE | |
| Original cataloging agency | FISKH |
| Language of cataloging | eng |
| Transcribing agency | FISKH |
| Modifying agency | FISKH |
| 050 ## - LIBRARY OF CONGRESS CALL NUMBER | |
| Classification number | QL706 .D44 |
| 082 ## - DEWEY DECIMAL CLASSIFICATION NUMBER | |
| Classification number | 599 |
| 100 ## - MAIN ENTRY--PERSONAL NAME | |
| Personal name | Ford, Deborah De |
| 245 ## - TITLE STATEMENT | |
| Title | I wonder why skunks are so smelly, and other neat facts about mammals / |
| Statement of responsibility, etc. | By Deborah De Ford : Illustrated by Pedro Julio Gonzalez |
| 260 ## - PUBLICATION, DISTRIBUTION, ETC. | |
| Place of publication, distribution, etc. | New York : |
| Name of publisher, distributor, etc. | A Golden Book , |
| Date of publication, distribution, etc. | 1992. |
| 300 ## - PHYSICAL DESCRIPTION | |
| Extent | 32 pages : |
| Other physical details | color illustrations ; |
| Dimensions | 27 cm . |
| 505 ## - FORMATTED CONTENTS NOTE | |
| Formatted contents note | N <br/><br/> |
| 520 ## - SUMMARY, ETC. | |
| Summary, etc. | Amazing but true facts about the wide variety of mammals.<br/> |
| 521 8# - TARGET AUDIENCE NOTE | |
| Target audience note | 580 <br/> |
| Source | Lexile estimate <br/> |
| 521 8# - TARGET AUDIENCE NOTE | |
| Target audience note | N <br/><br/> |
| Source | Raz-Plus <br/> |
| 650 ## - SUBJECT ADDED ENTRY--TOPICAL TERM | |
| Topical term or geographic name entry element | Questions and answers |
| Form subdivision | Non-fiction |
| 650 ## - SUBJECT ADDED ENTRY--TOPICAL TERM | |
| Topical term or geographic name entry element | Anteater |
| Form subdivision | Non-fiction |
| 700 ## - ADDED ENTRY--PERSONAL NAME | |
| Personal name | Gonzalez, Pedro Julio |
| Relator term | Illustrator |
| 942 ## - ADDED ENTRY ELEMENTS (KOHA) | |
| Source of classification or shelving scheme | Dewey Decimal Classification |
| Koha item type | Books |
| Suppress in OPAC | No |
| Withdrawn status | Lost status | Source of classification or shelving scheme | Damaged status | Not for loan | Collection | Home library | Current library | Shelving location | Date acquired | Total Checkouts | Full call number | Barcode | Date due | Date last seen | Date last checked out | Price effective from | Koha item type |
|---|---|---|---|---|---|---|---|---|---|---|---|---|---|---|---|---|---|
| Dewey Decimal Classification | Non-Fiction | Footprints International School Library Network Toul Tom Poung Campus | Footprints International School Library Network Toul Kork Campus | TTP Primary Yellow Bookshelves | 09/10/2025 | 1 | FOR 599 QL706 .D44 | FIS01554 | 01/01/2026 | 12/18/2025 | 12/18/2025 | 09/10/2025 | Books |
